| 000 | 01608nam a22002177a 4500 | ||
|---|---|---|---|
| 999 |
_c60450 _d60450 |
||
| 003 | Ge_BSU | ||
| 005 | 20230720125000.0 | ||
| 008 | 230720s2023ge xxu||||| |||| 00| 0 geo d | ||
| 020 | _a9789941977893 | ||
| 041 | _ageo | ||
| 080 | _a343(479.22) გ-36 | ||
| 245 |
_aგერმანულ-ქართული სამართლის დიალოგი = Deutsch-georgischer Rechtsdialog : სისხლის სამართალი და ადამიანის უფლებები : _bკონფერენციის მასალები / _cრედ : ბაჩანა ჯიშკარიანი, მარტინ პაულ ვასმერი. |
||
| 264 |
_aთბილისი : _bიურისტების სამყარო, _c2023. |
||
| 300 |
_a280 გვ.: _b20 სმ. |
||
| 653 | _aსისხლის სამართალი და ადამიანის | ||
| 653 | _aსისხლის სამართალი საქართველოში. სისხლის სამართალი გერმანიაში. ადამიანის უფლებების დაცვა საქართველოში. ადამიანის უფლებების დაცვა გერმანიაში. | ||
| 700 |
_aჯიშკარიანი, ბაჩანა _eრედაქტორი _919466 |
||
| 700 |
_aვასმერი, მარტინ პაულ _eრედაქტორი _915766 |
||
| 773 | _tნაჩუქარი | ||
| 942 |
_2udc _cBK |
||